00270nam a2200121Ia 4500008004100000082001600041100002100057245002200078250000900100260002300109300000800132650000800140191201s2008 xx 000 0 und d a658.87bLOC aLOUDON , David l 0aConsumer Behavior aRep. aN.DelhibTMHc2008 a788 aMBA